00381pab a2200145 454500008004000000100001900040245005200059260000900111300001400120362001100134650001400145650002100159700002100180773003400201180718b2003 xxu||||| |||| 00| 0 eng d aKumar, T. Ravi aDownsizing higher education: an exergent crisis c2003 ap.603-07. a15 Feb aEducation aHigher education aSharma, Vijender aEconomic and Political Weekly